[Event "DVM U12 2003"]
[Site "Verden/Aller GER"]
[Date "2003.12.27"]
[Round "1"]
[White "Gölz, Daniel"]
[Black "Seyb, Alexander"]
[Result "0-1"]
[Termination "normal"]
[Board "1.1"]
[WhiteElo "1643"]
[BlackElo "1841"]
[WhiteTeam "SK Feilbingert"]
[BlackTeam "FSV Großenseebach"]
[PlyCount "40"]
[WhiteFideId "24626325"]
[BlackFideId "4699033"]
[EventCountry "GER"]
[EventRounds "7"]
[EventType "team-swiss"]
[EventDate "2003.12.26"]

1. e4 c5 2. Nf3 e6 3. d4 cxd4 4. Nxd4 Qb6 5. f3 Bc5 6. c3 Nc6 7. Nc2 Bf2+ 8.
Ke2 Nf6 9. g3 d5 10. Nd2 h5 11. Bh3 h4 12. g4 Ne5 13. b4 a5 14. Rf1 axb4 15.
Rxf2 bxc3 16. Nb3 Qb5+ 17. Ke3 Nc4+ 18. Kd4 dxe4 19. fxe4 e5+ 20. Kxc3 Nxe4+
0-1

[Event "DVM U12 2003"]
[Site "Verden/Aller GER"]
[Date "2003.12.27"]
[Round "1"]
[White "Kirch, Florian"]
[Black "Cornish, Alexander"]
[Result "1-0"]
[Termination "normal"]
[Board "1.2"]
[WhiteElo "1604"]
[BlackElo "1201"]
[WhiteTeam "FSV Großenseebach"]
[BlackTeam "SK Feilbingert"]
[PlyCount "63"]
[WhiteFideId "24605794"]
[EventCountry "GER"]
[EventRounds "7"]
[EventType "team-swiss"]
[EventDate "2003.12.26"]

1. d4 d5 2. c4 e6 3. Nc3 Nf6 4. Bf4 Bd6 5. Bg3 Nc6 6. Nf3 b6 7. e3 O-O 8. Rc1
Ne7 9. Be2 Bb7 10. O-O c6 11. Qc2 Rc8 12. Rfd1 Bxg3 13. hxg3 Re8 14. b4 a6 15.
a4 dxc4 16. Bxc4 b5 17. Be2 Ng6 18. Ne5 Nxe5 19. dxe5 Nd7 20. Ne4 Re7 21. Nd6
Rc7 22. Nxb7 Rxb7 23. Qxc6 Ra7 24. axb5 axb5 25. Bxb5 Kf8 26. Rd2 Ke8 27. Rcd1
Rc7 28. Qe4 g6 29. Qh4 h5 30. Qf6 Rc6 31. Qh8+ Nf8 32. Rxd8# 1-0

[Event "DVM U12 2003"]
[Site "Verden/Aller GER"]
[Date "2003.12.27"]
[Round "1"]
[White "Gertenbach, Robin"]
[Black "Linsenmeyer, Mario"]
[Result "0-1"]
[Termination "normal"]
[Board "1.3"]
[WhiteElo "1117"]
[BlackElo "1489"]
[WhiteTeam "SK Feilbingert"]
[BlackTeam "FSV Großenseebach"]
[PlyCount "54"]
[BlackFideId "24635138"]
[EventCountry "GER"]
[EventRounds "7"]
[EventType "team-swiss"]
[EventDate "2003.12.26"]

1. e4 c5 2. Nf3 e6 3. d4 cxd4 4. Nxd4 Nf6 5. Nc3 Qb6 6. Be3 Ng4 7. Qxg4 Qxb2 8.
Rb1 Qxc3+ 9. Kd1 a6 10. Rb3 Qc7 11. Bd3 Nc6 12. f4 d6 13. f5 Nxd4 14. Bxd4 e5
15. Bb6 Qe7 16. Rf1 g6 17. f6 Bxg4+ 18. Be2 Bxe2+ 19. Kxe2 Qe6 20. Bg1 Rc8 21.
Rc1 b5 22. c3 Bh6 23. Be3 Bxe3 24. Kxe3 Qxf6 25. Kd3 O-O 26. c4 bxc4+ 27. Rxc4
Qf1+ 0-1

[Event "DVM U12 2003"]
[Site "Verden/Aller GER"]
[Date "2003.12.27"]
[Round "1"]
[White "Quaschner, Tobias"]
[Black "Jung, Philipp"]
[Result "1-0"]
[Termination "normal"]
[Board "1.4"]
[WhiteElo "1218"]
[BlackElo "1106"]
[WhiteTeam "FSV Großenseebach"]
[BlackTeam "SK Feilbingert"]
[PlyCount "131"]
[WhiteFideId "24646989"]
[EventCountry "GER"]
[EventRounds "7"]
[EventType "team-swiss"]
[EventDate "2003.12.26"]

1. e4 c5 2. c3 d6 3. d4 cxd4 4. cxd4 Nf6 5. Nc3 g6 6. Nf3 Bg7 7. Be2 O-O 8. O-O
Bd7 9. Be3 Bc6 10. d5 Bd7 11. Bd3 Ng4 12. Bf4 Ne5 13. Nxe5 dxe5 14. Be3 f5 15.
exf5 Bxf5 16. Rc1 e4 17. Nxe4 Bxb2 18. Rb1 Bg7 19. Rxb7 Qxd5 20. Qb3 Qxb3 21.
axb3 Nc6 22. Bc4+ e6 23. Ng5 Rf6 24. Rc7 Ne5 25. Bd4 Rff8 26. Bxe6+ Bxe6 27.
Nxe6 Rf7 28. Rxf7 Kxf7 29. Nxg7 Kxg7 30. Bxe5+ Kf7 31. f4 Ke6 32. h4 h6 33. g3
g5 34. hxg5 hxg5 35. Re1 gxf4 36. Bxf4+ Kf5 37. Kf2 Kg4 38. b4 Rc8 39. b5 Rc2+
40. Re2 Rc5 41. Rb2 Rd5 42. b6 axb6 43. Rxb6 Rc5 44. Rb4 Rc2+ 45. Ke1 Rg2 46.
Rc4 Rg1+ 47. Kf2 Rb1 48. Rd4 Rb2+ 49. Rd2 Rb3 50. Rd4 Rf3+ 51. Kg2 Rb3 52. Bd6+
Kg5 53. Kh3 Kh5 54. Rd5+ Kh6 55. Bf4+ Kg6 56. Kg4 Rb4 57. Rd6+ Kf7 58. Kf5 Rb5+
59. Be5 Rc5 60. g4 Rb5 61. g5 Ke7 62. g6 Rxe5+ 63. Kxe5 Kf8 64. Kf6 Ke8 65. Rd5
Kf8 66. Rd8# 1-0

[Event "DVM U12 2003"]
[Site "Verden/Aller GER"]
[Date "2003.12.27"]
[Round "1"]
[White "Heistermann, Till"]
[Black "Vollmer, Jürgen"]
[Result "1/2-1/2"]
[Termination "normal"]
[Board "2.1"]
[WhiteElo "1573"]
[BlackElo "1460"]
[WhiteTeam "SC Leipzig-Gohlis"]
[BlackTeam "SC Rastatt"]
[PlyCount "43"]
[EventCountry "GER"]
[EventRounds "7"]
[EventType "team-swiss"]
[EventDate "2003.12.26"]

1. e4 c6 2. d4 d5 3. Nc3 dxe4 4. Nxe4 Nd7 5. Nf3 Ngf6 6. Ng3 e6 7. Bd3 Bd6 8.
c3 O-O 9. O-O c5 10. dxc5 Nxc5 11. Bc2 Bxg3 12. hxg3 b6 13. Be3 Nce4 14. Qxd8
Rxd8 15. Rfd1 Ba6 16. Nd4 Bb7 17. Nb3 Rac8 18. Bf4 Nd7 19. f3 Nec5 20. Be3 h6
21. Nxc5 Nxc5 22. Kf2 1/2-1/2

[Event "DVM U12 2003"]
[Site "Verden/Aller GER"]
[Date "2003.12.27"]
[Round "1"]
[White "Hietter, Marc-Aurel"]
[Black "Doberitz, Paul"]
[Result "1/2-1/2"]
[Termination "normal"]
[Board "2.2"]
[WhiteElo "1198"]
[BlackElo "1560"]
[WhiteTeam "SC Rastatt"]
[BlackTeam "SC Leipzig-Gohlis"]
[PlyCount "89"]
[BlackFideId "24646130"]
[EventCountry "GER"]
[EventRounds "7"]
[EventType "team-swiss"]
[EventDate "2003.12.26"]

1. d4 Nf6 2. Nf3 g6 3. Bf4 c5 4. e3 Bg7 5. Bc4 O-O 6. O-O cxd4 7. exd4 d5 8.
Bb3 Nc6 9. Nc3 a6 10. Bg5 Be6 11. Re1 Qd7 12. Ba4 b5 13. Bb3 Rac8 14. a4 b4 15.
Na2 Ne4 16. Bd2 a5 17. c3 bxc3 18. Nxc3 Nxd4 19. Nxd4 Bxd4 20. Nxe4 dxe4 21.
Bxa5 Bxb3 22. Qxb3 Qa7 23. Rxe4 Bxf2+ 24. Kf1 Rc6 25. Rf4 Be3 26. Rf3 Bd4 27.
Bc3 Bc5 28. Bb4 Qa6+ 29. Ke1 Re6+ 30. Kd2 Bxb4+ 31. Qxb4 Rd8+ 32. Kc1 Qe2 33.
Kb1 Re4 34. Qb3 Ra8 35. Qxf7+ Kh8 36. Raa3 Rb4 37. Rfb3 Rxb3 38. Rxb3 Qd1+ 39.
Ka2 Rxa4+ 40. Ra3 Rxa3+ 41. Kxa3 Qd3+ 42. b3 Qa6+ 43. Kb2 Qe2+ 44. Ka3 Qa6+ 45.
Kb2 1/2-1/2

[Event "DVM U12 2003"]
[Site "Verden/Aller GER"]
[Date "2003.12.27"]
[Round "1"]
[White "Wang, Zhangxian"]
[Black "Kaupp, Dennis"]
[Result "1-0"]
[Termination "normal"]
[Board "2.3"]
[WhiteElo "1390"]
[BlackElo "1221"]
[WhiteTeam "SC Leipzig-Gohlis"]
[BlackTeam "SC Rastatt"]
[PlyCount "49"]
[EventCountry "GER"]
[EventRounds "7"]
[EventType "team-swiss"]
[EventDate "2003.12.26"]

1. e4 d6 2. d4 g6 3. f4 Bg7 4. Nc3 Nd7 5. Nf3 c5 6. Be3 b6 7. Bb5 a6 8. Bc6 Rb8
9. e5 Bb7 10. Bxb7 Rxb7 11. Qd2 Qc7 12. exd6 Qxd6 13. O-O-O Ngf6 14. dxc5 Qxd2+
15. Rxd2 Nxc5 16. Bxc5 bxc5 17. Rhd1 O-O 18. Ne5 Nh5 19. g3 Bxe5 20. fxe5 Ng7
21. Rd7 Rfb8 22. Rxb7 Rxb7 23. Rd8+ Ne8 24. Rxe8+ Kg7 25. Rc8 1-0

[Event "DVM U12 2003"]
[Site "Verden/Aller GER"]
[Date "2003.12.27"]
[Round "1"]
[White "Rohde, Dirk"]
[Black "Hasenclever, Leonard"]
[Result "0-1"]
[Termination "normal"]
[Board "2.4"]
[WhiteElo "1096"]
[BlackElo "1222"]
[WhiteTeam "SC Rastatt"]
[BlackTeam "SC Leipzig-Gohlis"]
[PlyCount "80"]
[EventCountry "GER"]
[EventRounds "7"]
[EventType "team-swiss"]
[EventDate "2003.12.26"]

1. d4 Nf6 2. e3 d6 3. Bd3 g6 4. c3 Bg7 5. Nd2 O-O 6. Ngf3 Bg4 7. h3 Bxf3 8.
Qxf3 Nc6 9. O-O d5 10. e4 dxe4 11. Nxe4 Nd5 12. Bc4 e6 13. Ng5 Nce7 14. g4 h6
15. Ne4 b6 16. g5 hxg5 17. Bxg5 f6 18. Bd2 Qd7 19. Ng3 e5 20. Bxd5+ Nxd5 21.
Ne2 c6 22. c4 Ne7 23. Bc3 Nf5 24. Qg4 Qf7 25. dxe5 fxe5 26. Rad1 Rad8 27. b3
Nh6 28. Qg5 Rxd1 29. Rxd1 Qxf2+ 30. Kh1 Qxe2 31. Re1 Qf3+ 32. Qg2 Qxc3 33. Qxc6
Qxe1+ 34. Kh2 Rf2+ 35. Kg3 Rf6+ 36. Kg2 Rxc6 37. Kf3 Rf6+ 38. Kg2 Qe3 39. c5
Rf2+ 40. Kg1 Qe1# 0-1

[Event "DVM U12 2003"]
[Site "Verden/Aller GER"]
[Date "2003.12.27"]
[Round "1"]
[White "Zeldin, Leonid"]
[Black "Dinger, Solvejg"]
[Result "1-0"]
[Termination "normal"]
[Board "3.2"]
[WhiteElo "1584"]
[BlackElo "1248"]
[WhiteTeam "SF Brackel 30"]
[BlackTeam "SV Oberkochen"]
[PlyCount "109"]
[WhiteFideId "24636088"]
[EventCountry "GER"]
[EventRounds "7"]
[EventType "team-swiss"]
[EventDate "2003.12.26"]

1. e4 e5 2. Nf3 Nc6 3. Bb5 Bc5 4. O-O Nf6 5. Bxc6 dxc6 6. Nxe5 Qd4 7. Nf3 Qc4
8. d3 Qe6 9. Bf4 Bd6 10. e5 Bxe5 11. Bxe5 O-O 12. Re1 Qe7 13. Nc3 Bg4 14. Qd2
Rac8 15. Qf4 Bxf3 16. Qxf3 Qe6 17. Qg3 Qg4 18. Bxf6 Qxg3 19. hxg3 gxf6 20. Ne4
f5 21. Nc5 b6 22. Nb3 c5 23. Re5 Kg7 24. Rxf5 Rce8 25. Kf1 Re6 26. Re1 Rfe8 27.
Rxe6 Rxe6 28. d4 Kg6 29. Rd5 c6 30. Rd7 c4 31. Nd2 a6 32. Nxc4 c5 33. Ne5+ Kg7
34. Nxf7 Rf6 35. Ng5+ Kg6 36. Nxh7 Rc6 37. Nf8+ Kf6 38. d5 Rc8 39. Ne6 a5 40.
Rd8 Rxd8 41. Nxd8 Ke5 42. c4 b5 43. cxb5 Kxd5 44. b6 Kd6 45. b7 Kc7 46. g4 a4
47. a3 c4 48. g5 c3 49. bxc3 Kb8 50. g6 Kc7 51. g7 Kb8 52. g8=Q Ka7 53. Qe6 Kb8
54. Qc8+ Ka7 55. b8=Q# 1-0

[Event "DVM U12 2003"]
[Site "Verden/Aller GER"]
[Date "2003.12.27"]
[Round "1"]
[White "Kartsev, Alexandr"]
[Black "Glatting, Lisa"]
[Result "1-0"]
[Termination "normal"]
[Board "3.4"]
[WhiteElo "1383"]
[BlackElo "1219"]
[WhiteTeam "SF Brackel 30"]
[BlackTeam "SV Oberkochen"]
[PlyCount "117"]
[WhiteFideId "24647110"]
[BlackFideId "24667617"]
[EventCountry "GER"]
[EventRounds "7"]
[EventType "team-swiss"]
[EventDate "2003.12.26"]

1. d4 d5 2. c4 e6 3. Nc3 Nf6 4. Nf3 Nc6 5. Bf4 Bb4 6. a3 Bxc3+ 7. bxc3 dxc4 8.
e3 O-O 9. Bxc4 b6 10. O-O Bb7 11. Re1 Na5 12. Bd3 Rb8 13. Nd2 Re8 14. e4 Rc8
15. Bg5 e5 16. Bb5 Nc6 17. d5 Qd6 18. Bxf6 Qxf6 19. Bxc6 Bxc6 20. dxc6 Qxc6 21.
Qf3 Rcd8 22. Nf1 a5 23. Red1 Rxd1 24. Rxd1 Qc5 25. Rd7 Rf8 26. a4 Qc6 27. Qd3
h6 28. Rd8 Re8 29. Rxe8+ Qxe8 30. Qc4 Qd7 31. h3 Qd6 32. Ne3 Qg6 33. Qxc7 Qxe4
34. Qxb6 Qxa4 35. c4 Qa1+ 36. Kh2 Qe1 37. Nd5 Qe4 38. Qxa5 Qxc4 39. Ne7+ Kh7
40. Qxe5 Qc2 41. Qb8 h5 42. h4 Qe4 43. Qg8+ Kh6 44. Qh8+ Qh7 45. Qxh7+ Kxh7 46.
Kh3 Kh6 47. g4 g6 48. f4 f6 49. f5 gxf5 50. Nxf5+ Kg6 51. Kg3 hxg4 52. Kxg4 Kh7
53. h5 Kg8 54. h6 Kh7 55. Kh5 Kg8 56. Kg6 Kh8 57. Nd6 f5 58. h7 f4 59. Nf7# 1-0

[Event "DVM U12 2003"]
[Site "Verden/Aller GER"]
[Date "2003.12.27"]
[Round "1"]
[White "Rafiee, Makan"]
[Black "Schmitt, Philipp"]
[Result "0-1"]
[Termination "normal"]
[Board "4.1"]
[WhiteElo "1647"]
[BlackElo "1446"]
[WhiteTeam "SK Baunatal"]
[BlackTeam "SF Bad Mergentheim"]
[PlyCount "110"]
[WhiteFideId "24609340"]
[BlackFideId "24641766"]
[EventCountry "GER"]
[EventRounds "7"]
[EventType "team-swiss"]
[EventDate "2003.12.26"]

1. e4 e6 2. d4 d5 3. e5 c5 4. c3 Qb6 5. Nf3 Nc6 6. Be2 cxd4 7. cxd4 Nh6 8. Nc3
Nf5 9. Na4 Bb4+ 10. Bd2 Qa5 11. Bc3 b5 12. a3 Bxc3+ 13. Nxc3 b4 14. axb4 Qxb4
15. Bb5 Bd7 16. Bxc6 Bxc6 17. Qd2 a5 18. O-O O-O 19. Ra2 Rfc8 20. Rfa1 h6 21.
Na4 Bxa4 22. Rxa4 Qxd2 23. Nxd2 Rc2 24. Nf3 Rxb2 25. g4 Ne7 26. Rxa5 Rxa5 27.
Rxa5 Ng6 28. Ra8+ Kh7 29. h3 Nf4 30. Kh2 g5 31. Ne1 Rxf2+ 32. Kg3 Re2 33. Ra1
Rd2 34. Ra4 Ne2+ 35. Kf3 Nxd4+ 36. Ke3 Re2+ 37. Kd3 Rxe1 38. Rxd4 Rd1+ 39. Ke3
Rxd4 40. Kxd4 Kg6 41. Ke3 f6 42. Kd4 fxe5+ 43. Kxe5 Kf7 44. Kd4 Kf6 45. Ke3 e5
46. Kf3 e4+ 47. Kg3 d4 48. h4 gxh4+ 49. Kxh4 d3 50. Kh5 d2 51. Kxh6 d1=Q 52.
g5+ Kf5 53. g6 Qg4 54. Kh7 Qxg6+ 55. Kh8 Qg5 0-1

[Event "DVM U12 2003"]
[Site "Verden/Aller GER"]
[Date "2003.12.27"]
[Round "1"]
[White "Pfleger, Jochen"]
[Black "Sergin, Mark"]
[Result "0-1"]
[Termination "normal"]
[Board "4.2"]
[WhiteElo "1214"]
[BlackElo "1485"]
[WhiteTeam "SF Bad Mergentheim"]
[BlackTeam "SK Baunatal"]
[PlyCount "132"]
[WhiteFideId "24641634"]
[BlackFideId "24615307"]
[EventCountry "GER"]
[EventRounds "7"]
[EventType "team-swiss"]
[EventDate "2003.12.26"]

1. c4 Nf6 2. Nc3 g6 3. Nf3 Bg7 4. d4 O-O 5. g3 d6 6. Bg2 Nbd7 7. O-O c5 8. e3
Nb6 9. b3 Re8 10. Bb2 Bf5 11. Nh4 Bg4 12. Qd2 Rb8 13. h3 Bd7 14. d5 a6 15. Kh2
Na8 16. f4 Nc7 17. e4 h6 18. e5 Nh7 19. Ne4 Bf5 20. g4 Bxe4 21. Bxe4 e6 22.
exd6 Qxd6 23. Bxg7 Kxg7 24. Qc3+ Kg8 25. Rad1 exd5 26. Bxd5 Re2+ 27. Kg3 Nxd5
28. Rxd5 Qe7 29. Re5 Rxe5 30. Qxe5 Qxe5 31. fxe5 Rd8 32. Nf3 Rd3 33. h4 Nf8 34.
Kf4 Ne6+ 35. Ke4 Rd7 36. a3 Kf8 37. h5 g5 38. b4 cxb4 39. axb4 Ke7 40. c5 Rd8
41. Rf2 Rd7 42. Nd2 Rd4+ 43. Kf3 Rxb4 44. Ne4 Rb3+ 45. Kg2 Nf4+ 46. Kh1 Rh3+
47. Rh2 Re3 48. Rd2 Rxe4 49. Rd6 Ne6 50. c6 bxc6 51. Rxc6 a5 52. Kg2 Rxg4+ 53.
Kf2 Re4 54. Ra6 Rxe5 55. Kf3 f5 56. Kf2 g4 57. Kg3 Re3+ 58. Kf2 Ra3 59. Ke2 g3
60. Kf1 Ra2 61. Kg1 Nf4 62. Ra7+ Kf6 63. Ra6+ Kg5 64. Rg6+ Kh4 65. Rxg3 Kxg3
66. Kf1 Ra1# 0-1

[Event "DVM U12 2003"]
[Site "Verden/Aller GER"]
[Date "2003.12.27"]
[Round "1"]
[White "Sharikow, Alexej"]
[Black "Tses, Evangelos"]
[Result "1-0"]
[Termination "normal"]
[Board "4.3"]
[WhiteElo "1247"]
[BlackElo "1062"]
[WhiteTeam "SK Baunatal"]
[BlackTeam "SF Bad Mergentheim"]
[PlyCount "139"]
[EventCountry "GER"]
[EventRounds "7"]
[EventType "team-swiss"]
[EventDate "2003.12.26"]

1. e4 e6 2. d4 d5 3. exd5 exd5 4. Nc3 Nf6 5. Nf3 Nc6 6. Bb5 Bd7 7. Bg5 a6 8.
Ba4 b5 9. Bb3 Be6 10. Bxf6 Qxf6 11. Nxd5 Bxd5 12. Bxd5 Qe7+ 13. Qe2 Qxe2+ 14.
Kxe2 Nxd4+ 15. Nxd4 Rd8 16. Bc6+ Ke7 17. c3 Kf6 18. Rhe1 b4 19. Rad1 bxc3 20.
bxc3 Bc5 21. Nb3 Rxd1 22. Rxd1 Ba7 23. Nc1 Rb8 24. Nb3 Rb6 25. Bf3 Re6+ 26. Kf1
g6 27. g3 Kg7 28. Kg2 a5 29. Nxa5 Ra6 30. Nb3 Rxa2 31. Ra1 Rxf2+ 32. Kh3 Bb6
33. Bd5 g5 34. g4 c5 35. Kg3 Rc2 36. Rc1 Bc7+ 37. Kf3 Rxh2 38. Nxc5 Bf4 39. Rd1
Rh3+ 40. Ke4 Re3+ 41. Kd4 Re5 42. Be4 Bg3 43. Rd3 Bf4 44. Rf3 f6 45. Rh3 h6 46.
c4 Bc1 47. Rb3 Re8 48. Rb7+ Kf8 49. Nd7+ Ke7 50. Ne5+ Kd8 51. Nf7+ Kc8 52. Nd6+
Kd8 53. Nxe8 Kxe8 54. Bg6+ Kd8 55. c5 Kc8 56. Be4 Bf4 57. Rh7 Be5+ 58. Kd5 h5
59. Kc6 Kd8 60. Rxh5 f5 61. Bxf5 Ke8 62. Rxg5 Bc7 63. Kxc7 Kf7 64. Rg6 Ke8 65.
Rg7 Kf8 66. Rh7 Ke8 67. Kd6 Kf8 68. c6 Kg8 69. c7 Kf8 70. c8=Q# 1-0

[Event "DVM U12 2003"]
[Site "Verden/Aller GER"]
[Date "2003.12.27"]
[Round "1"]
[White "Huschenbeth, Niclas"]
[Black "Borgmeyer, Max"]
[Result "1-0"]
[Termination "normal"]
[Board "5.1"]
[WhiteElo "1891"]
[BlackElo "1678"]
[WhiteTeam "SK Johanneum Eppendorf"]
[BlackTeam "Königsspringer Hamburg"]
[PlyCount "41"]
[WhiteFideId "24604747"]
[BlackFideId "24615870"]
[EventCountry "GER"]
[EventRounds "7"]
[EventType "team-swiss"]
[EventDate "2003.12.26"]

1. e4 e5 2. Nf3 d6 3. d4 exd4 4. Nxd4 Nf6 5. Nc3 Be7 6. f3 O-O 7. Be3 Bd7 8.
Qd2 Nc6 9. O-O-O Nxd4 10. Bxd4 Be6 11. g4 Ne8 12. h4 f6 13. Be2 Qc8 14. Rdg1
Qd8 15. f4 Bf7 16. f5 a6 17. g5 c6 18. g6 hxg6 19. fxg6 Be6 20. h5 f5 21. h6
1-0

[Event "DVM U12 2003"]
[Site "Verden/Aller GER"]
[Date "2003.12.27"]
[Round "1"]
[White "Streich, Justus"]
[Black "Moshtael, Wesal"]
[Result "0-1"]
[Termination "normal"]
[Board "5.2"]
[WhiteElo "1322"]
[BlackElo "1637"]
[WhiteTeam "Königsspringer Hamburg"]
[BlackTeam "SK Johanneum Eppendorf"]
[PlyCount "122"]
[WhiteFideId "24697168"]
[BlackFideId "24618551"]
[EventCountry "GER"]
[EventRounds "7"]
[EventType "team-swiss"]
[EventDate "2003.12.26"]

1. e4 c5 2. Nc3 e6 3. g3 d6 4. Bg2 Nf6 5. d3 Be7 6. f4 Nbd7 7. Nf3 a6 8. a4 Qc7
9. O-O O-O 10. h3 Rb8 11. g4 Rd8 12. Be3 b5 13. axb5 axb5 14. Qe1 b4 15. Ne2
Bb7 16. g5 Ne8 17. h4 d5 18. Nd2 Nb6 19. f5 exf5 20. Rxf5 Nd6 21. Bf4 Bc8 22.
Bxd6 Bxd6 23. Rf1 Be6 24. Qf2 c4 25. exd5 cxd3 26. dxe6 Bc5 27. exf7+ Kf8 28.
cxd3 Bxf2+ 29. Rxf2 Rxd3 30. Nf3 Rbd8 31. Ned4 R3xd4 32. Nxd4 Rxd4 33. Re1 Rd8
34. h5 Qg3 35. Rfe2 Kxf7 36. Re6 Qxg5 37. Kf1 Qf5+ 38. Kg1 Qxe6 39. Rxe6 Kxe6
40. Be4 h6 41. b3 Rd2 42. Kf1 Rb2 43. Ke1 Rxb3 44. Kd2 Rh3 45. Bg6 Nd5 46. Kc2
Nf4 47. Be8 Nxh5 48. Ba4 g5 49. Bb3+ Rxb3 50. Kxb3 g4 51. Kc2 g3 52. Kd2 g2 53.
Ke3 g1=Q+ 54. Kf3 Nf4 55. Ke4 b3 56. Kf3 b2 57. Kxf4 b1=Q 58. Kf3 Qd3+ 59. Kf4
Qf2+ 60. Kg4 Qdg3+ 61. Kh5 Qfh2# 0-1

[Event "DVM U12 2003"]
[Site "Verden/Aller GER"]
[Date "2003.12.27"]
[Round "1"]
[White "Stellfeld, Tilman"]
[Black "Langmann, Markus"]
[Result "1-0"]
[Termination "normal"]
[Board "5.3"]
[WhiteElo "1180"]
[BlackElo "1270"]
[WhiteTeam "SK Johanneum Eppendorf"]
[BlackTeam "Königsspringer Hamburg"]
[PlyCount "71"]
[WhiteFideId "24651311"]
[BlackFideId "24651281"]
[EventCountry "GER"]
[EventRounds "7"]
[EventType "team-swiss"]
[EventDate "2003.12.26"]

1. d4 d5 2. Nf3 Nf6 3. c4 c6 4. Nc3 Nbd7 5. Bf4 e6 6. e3 Be7 7. Rc1 O-O 8. cxd5
cxd5 9. Bd3 Re8 10. O-O Bf8 11. Ne2 Nh5 12. Bc7 Qe7 13. Bb1 b6 14. Qd3 g6 15.
Ng3 Nxg3 16. Bxg3 Bg7 17. Rc7 Qd8 18. Rfc1 b5 19. Bh4 f6 20. Nd2 a6 21. e4 dxe4
22. Nxe4 g5 23. Bg3 Bf8 24. Nxf6+ Nxf6 25. Qxh7+ Nxh7 26. Bxh7+ Kh8 27. Be5+
Bg7 28. Bxg7+ Kxh7 29. Bf6+ Kg6 30. Bxd8 Rxd8 31. Rd1 e5 32. Rc6+ Kf5 33. Rc5
Kf4 34. g3+ Kf3 35. Rxe5 g4 36. Rd3# 1-0

[Event "DVM U12 2003"]
[Site "Verden/Aller GER"]
[Date "2003.12.27"]
[Round "1"]
[White "Wendling, Hannes"]
[Black "Hobusch, Alexander"]
[Result "1-0"]
[Termination "normal"]
[Board "6.1"]
[WhiteElo "1646"]
[BlackElo "1771"]
[WhiteTeam "Naumburger SV"]
[BlackTeam "SG Bochum 1931"]
[PlyCount "45"]
[WhiteFideId "24624284"]
[BlackFideId "24611387"]
[EventCountry "GER"]
[EventRounds "7"]
[EventType "team-swiss"]
[EventDate "2003.12.26"]

1. e4 e6 2. d4 d5 3. e5 c5 4. c3 Nc6 5. Nf3 Bd7 6. a3 c4 7. g3 Na5 8. Nbd2 Bc6
9. h4 Qd7 10. h5 Ba4 11. Qe2 Be7 12. Nh2 O-O-O 13. Ng4 f6 14. h6 gxh6 15. exf6
Bxf6 16. Nxf6 Nxf6 17. Rxh6 Rhf8 18. Bh3 Rde8 19. Nf3 Qe7 20. Bf4 Bd7 21. Qe5
Ba4 22. Qb8+ Kd7 23. Qc7# 1-0

[Event "DVM U12 2003"]
[Site "Verden/Aller GER"]
[Date "2003.12.27"]
[Round "1"]
[White "Mazarov, Jürgen"]
[Black "Mertens, Fridolin"]
[Result "1-0"]
[Termination "normal"]
[Board "6.2"]
[WhiteElo "1728"]
[BlackElo "1192"]
[WhiteTeam "SG Bochum 1931"]
[BlackTeam "Naumburger SV"]
[PlyCount "75"]
[WhiteFideId "24617768"]
[BlackFideId "24671940"]
[EventCountry "GER"]
[EventRounds "7"]
[EventType "team-swiss"]
[EventDate "2003.12.26"]

1. e4 c5 2. Nf3 d6 3. d4 cxd4 4. Nxd4 Nf6 5. Nc3 a6 6. f3 e5 7. Nde2 Be6 8. Be3
Be7 9. Qd2 O-O 10. O-O-O Qc7 11. g4 b5 12. h4 Nbd7 13. h5 b4 14. Nd5 Bxd5 15.
exd5 a5 16. g5 Ne8 17. g6 f5 18. h6 hxg6 19. hxg7 Nxg7 20. Bh6 Bf6 21. Rg1 Kf7
22. Bxg7 Kxg7 23. Bh3 Kf7 24. Qh6 Rg8 25. f4 e4 26. Bxf5 gxf5 27. Qh7+ Rg7 28.
Qxf5 Rag8 29. Rh1 Qc4 30. Qxd7+ Kf8 31. Qxd6+ Be7 32. Qe5 Qxe2 33. d6 Qe3+ 34.
Kb1 Bd8 35. d7 Re7 36. Qf6+ Rf7 37. Qxd8+ Kg7 38. Qg5+ 1-0

[Event "DVM U12 2003"]
[Site "Verden/Aller GER"]
[Date "2003.12.27"]
[Round "1"]
[White "Mertens, Pauline"]
[Black "Ryvkin, Leonid"]
[Result "1-0"]
[Termination "normal"]
[Board "6.3"]
[WhiteElo "1245"]
[BlackElo "1173"]
[WhiteTeam "Naumburger SV"]
[BlackTeam "SG Bochum 1931"]
[PlyCount "109"]
[WhiteFideId "24671959"]
[EventCountry "GER"]
[EventRounds "7"]
[EventType "team-swiss"]
[EventDate "2003.12.26"]

1. e4 e5 2. Nf3 Nf6 3. Nc3 Bb4 4. Nd5 Nxd5 5. exd5 d6 6. c3 Bc5 7. d4 exd4 8.
Nxd4 O-O 9. Be3 Re8 10. Be2 c6 11. dxc6 bxc6 12. O-O Bb6 13. Bf3 d5 14. Qd3 Ba6
15. Nxc6 Bxd3 16. Nxd8 Bxf1 17. Bxd5 Rxd8 18. Bxa8 Bc4 19. b3 Bd5 20. Bxb6 axb6
21. Rd1 Kf8 22. Bxd5 Nc6 23. Bf3 Rxd1+ 24. Bxd1 Ke7 25. Kf1 Kd6 26. Bf3 Ne5 27.
Ke2 Kc5 28. Ke3 b5 29. Ke4 Ng6 30. Bh5 f6 31. Bxg6 hxg6 32. a3 Kc6 33. Kd4 Kb6
34. c4 Kc6 35. cxb5+ Kxb5 36. Kd5 Kb6 37. Ke6 Kc5 38. Kf7 Kd4 39. a4 Kc3 40. a5
Kxb3 41. a6 g5 42. a7 Kc4 43. a8=Q Kd4 44. Kxg7 Kc5 45. Qf8+ Kd4 46. Qxf6+ Ke4
47. Kg6 Kd5 48. Kf5 g4 49. Qe5+ Kc6 50. Ke6 g3 51. fxg3 Kb6 52. Kd6 Kb7 53.
Qb5+ Ka7 54. Kc7 Ka8 55. Qb7# 1-0

[Event "DVM U12 2003"]
[Site "Verden/Aller GER"]
[Date "2003.12.27"]
[Round "1"]
[White "Bohatschek, Daniel"]
[Black "Boos, Philipp"]
[Result "1-0"]
[Termination "normal"]
[Board "7.1"]
[WhiteElo "1231"]
[BlackElo "1245"]
[WhiteTeam "ZSG GW Waltershausen"]
[BlackTeam "USV TU Dresden"]
[PlyCount "85"]
[WhiteFideId "4647629"]
[EventCountry "GER"]
[EventRounds "7"]
[EventType "team-swiss"]
[EventDate "2003.12.26"]

1. e4 d5 2. exd5 Qxd5 3. Nc3 Qa5 4. Nf3 Nf6 5. Bc4 Bf5 6. O-O e6 7. d4 c6 8. a3
Bd6 9. Bg5 Nbd7 10. Re1 O-O 11. Bd3 Bg4 12. Bd2 Qc7 13. h3 Bxf3 14. Qxf3 Rad8
15. g4 Nd5 16. Nxd5 cxd5 17. h4 Nb6 18. b3 Qe7 19. Qh3 Bxa3 20. h5 Bb2 21. Rxa7
Bxd4 22. Bxh7+ Kxh7 23. Qd3+ Kg8 24. Qxd4 Nc8 25. h6 gxh6 26. Bxh6 f6 27. Bxf8
Kxf8 28. Ra8 e5 29. Qe3 Qg7 30. Qc5+ Kg8 31. f3 Qd7 32. Kf2 b6 33. Qe3 Qb7 34.
Raa1 Kg7 35. Rh1 Ne7 36. Qh6+ Kf7 37. g5 fxg5 38. Qxg5 Ke6 39. Rh6+ Kd7 40.
Qxe5 Re8 41. Re1 Kd8 42. Qd4 Kd7 43. Qxb6 1-0

[Event "DVM U12 2003"]
[Site "Verden/Aller GER"]
[Date "2003.12.27"]
[Round "1"]
[White "Lorenz, Nicole"]
[Black "Helmund, Thomas"]
[Result "1-0"]
[Termination "normal"]
[Board "7.2"]
[WhiteElo "1375"]
[BlackElo "1224"]
[WhiteTeam "USV TU Dresden"]
[BlackTeam "ZSG GW Waltershausen"]
[PlyCount "59"]
[WhiteFideId "24623709"]
[BlackFideId "4647882"]
[EventCountry "GER"]
[EventRounds "7"]
[EventType "team-swiss"]
[EventDate "2003.12.26"]

1. d4 Nf6 2. c4 c5 3. d5 g6 4. Nc3 d6 5. Nf3 Bf5 6. e3 Nbd7 7. Bd3 Bxd3 8. Qxd3
Bg7 9. O-O a6 10. Re1 Qc7 11. Ne2 O-O-O 12. Bd2 h5 13. Bc3 Bh6 14. h4 Rdg8 15.
Ng5 Bxg5 16. hxg5 Ng4 17. Qc2 Re8 18. Nf4 Nde5 19. b3 f6 20. f3 Qd7 21. fxg4
Qxg4 22. Bxe5 dxe5 23. gxf6 exf6 24. Ne6 h4 25. Qe2 Qe4 26. Nxc5 Qf5 27. Rf1
Qg5 28. Ne4 Qh6 29. Nd6+ Kd8 30. Nf7+ 1-0